Statistics for Chinese Dynasties

Click here to take the quiz!

General Stats

  • This quiz has been taken 727 times
  • The average score is 9 of 12

Answer Stats

YearAnswer% Correct
221 - 207 BCQin
96%
1368 - 1644Ming
90%
1644 - 1911Qing
89%
202 BC - 220 ADHan
87%
618 - 907Tang
81%
c. 2000 - c. 1600 BCXia
79%
969 - 1279Song
75%
1279 - 1368Yuan
75%
1046 - 256 BCZhou
72%
c. 1600 - 1046 BCShang
65%
220 - 280Three Kingdoms
54%
589 - 618Sui
50%

Score Distribution

Percentile by Number Answered

Percent of People with Each Score

Your Score History

You have not taken this quiz